Nhớ Đặng Thai Mai bậc thầy lớn của thế hệ chúng tôi /

Đã lưu trong:
書目詳細資料
主要作者: Phong Lê.
格式: Bài viết
語言:Vietnamese
主題:
標簽: 添加標簽
沒有標簽, 成為第一個標記此記錄!
Thư viện lưu trữ: Thư viện Trường Đại học Đà Lạt
LEADER 00841nam a2200289 4500
001 DLU170180596
005 ##20170823
040 # # |a DLU  |b vie 
041 # # |a vie 
044 # # |a vn 
100 # # |a Phong Lê. 
245 # # |a Nhớ Đặng Thai Mai bậc thầy lớn của thế hệ chúng tôi /  |c Phong Lê. 
653 # # |a Đặng Thai Mai 
653 # # |a Kinh thi Việt Nam 
653 # # |a Nhà văn hiện đại 
653 # # |a Phong Lê 
653 # # |a Thi nhân Việt Nam 
653 # # |a Văn học khái luận 
773 # # |t Nghiên cứu văn học  |g Số 11(513), 2014, tr 33-38 
920 # # |a Phòng Tạp chí --Trung tâm Thông tin - Thư viện Trường Đại học Đà Lạt 
900 # # |a True 
911 # # |a Lê Thị Hồng 
925 # # |a G 
926 # # |a A 
927 # # |a BB 
980 # # |a Thư viện Trường Đại học Đà Lạt